Fifteenth century basse dances /

Saved in:
Bibliographic Details
Main Author: Jackman, James L (ed.)
Format: Book
Language:English
Published: New York : Books for Libraries, 1980, c1964.
Series:Dance.
Subjects:
LEADER 01110nam a2200301 a 4500
001 c000159981
003 CARM
005 19870317000000.0
008 980710r1980 nyug 001 0 eng
010 |a 79007767 //r85 
019 1 |a 1539886  |5 LACONCORD2021 
020 |a 0836992954 
035 |a (OCoLC)5674252  |5 LACONCORD2021 
040 |a LC  |b eng  |c LC  |d XNTU 
050 0 0 |a GV1796.B28  |b J32 1980 
082 0 4 |a 793.3/3 
100 1 |a Jackman, James L,  |e ed. 
245 1 0 |a Fifteenth century basse dances /  |c edited by James L. Jackman. 
260 |a New York :  |b Books for Libraries,  |c 1980, c1964. 
300 |a x, 49 p. :  |b music ;  |c 29 cm. 
490 0 |a Dance. 
500 |a Reprint of the ed. published by Wellesley College, Wellesley, Mass., which was issued as Wellesley edition no. 6. 
500 |a Includes index. 
650 0 |a Basse danse. 
650 0 |a Dance music. 
852 8 |b CARM  |h A2:AL17D0  |i D05667  |p 0210620  |f BK 
999 f f |i 936f67ea-cea4-517b-aa86-8ff91456c659  |s b562c682-7990-57e3-84d1-d1a4a9148b6d 
952 f f |p Can circulate  |a CAVAL  |b CAVAL  |c CAVAL  |d CARM 1 Store  |e D05667  |f A2:AL17D0  |h Other scheme  |i book  |m 0210620